000
00281nam a2200109 4500
008
160704b xxu||||| |||| 00| 0 eng d
100
_9
1987
_a
Bail, S
245
_a
Malwa: On my Mind
260
_a
N.D
_b
Children Book Trust
_c
2000
300
_a
Malwa: On my Mind
942
_2
ddc
_c
BK
999
_c
1687
_d
1687